| 000 | 00915cam a2200301 4500 | ||
|---|---|---|---|
| 008 | 090401t1991 xxu||||| |||| 00| 0 eng d | ||
| 020 | _a0860173283 | ||
| 035 | _a(Sirsi) u51600 | ||
| 041 | _aeng | ||
| 050 | _a627.86 | ||
| 100 | _aJohnson, R.A. | ||
| 245 | _aWaterproofing and repairing underground reservoir roofs: a report of current practice with recommendations. | ||
| 260 |
_aLondon _bCIRIA _c1991 |
||
| 300 | _a103p. : ill. ; 30cm. | ||
| 350 | _a50 | ||
| 490 |
_aCIRIA Technical Note _v145 |
||
| 520 | _aProject carries out by Mott MacDonald. | ||
| 650 | _aCONCRETE REPAIR | ||
| 650 | _aQUALITY ASSURANCE | ||
| 650 | _aREPAIRS | ||
| 650 | _aRESERVOIRS | ||
| 690 | _aBUILDING AND CONSTRUCTION-REPAIRS AND MAINTENANCE | ||
| 700 | _aLeek, D.S. | ||
| 700 | _aKing, E.S. | ||
| 710 |
_aConstruction Industry Research and Information Association _94810 |
||
| 942 | _n0 | ||
| 948 | _c04/03/1997 | ||
| 999 |
_c92923 _d92923 |
||